La ontología de Unamuno / (Record no. 173319)

MARC details
000 -LEADER
campo de control de longitud fija 00783nam a2200241 i 4500
001 - NÚMERO DE CONTROL
campo de control 173319
003 - IDENTIFICADOR DE NÚMERO DE CONTROL
campo de control ES-MaACL
005 - FECHA Y HORA DE LA ÚLTIMA TRANSACCIÓN
campo de control 20251005063134.0
008 - DATOS DE LONGITUD FIJA--INFORMACIÓN GENERAL
campo de control de longitud fija 091125s1978 pr |||| | spa d
020 ## - NÚMERO INTERNACIONAL ESTÁNDAR DEL LIBRO
Número Internacional Estándar del Libro 0-8477-0548-X
080 ## - NÚMERO DE LA CLASIFICACIÓN DECIMAL UNIVERSAL
Número de la Clasificación Decimal Universal 1:860 Unamuno, Miguel de 1.06
100 1# - ENTRADA PRINCIPAL--NOMBRE DE PERSONA
Nombre de persona Tollinchi, Esteban,
Fechas asociadas al nombre 1932-2005
9 (RLIN) 163460
245 13 - MENCIÓN DEL TÍTULO
Título La ontología de Unamuno /
Mención de responsabilidad, etc. Esteban Tollinchi.
260 ## - PUBLICACIÓN, DISTRIBUCIÓN, ETC.
Lugar de publicación, distribución, etc. Río Piedras :
Nombre del editor, distribuidor, etc. Universidad de Puerto Rico,
Fecha de publicación, distribución, etc. 1978.
300 ## - DESCRIPCIÓN FÍSICA
Extensión 239 p. ;
Dimensiones 21 cm.
490 1# - MENCIÓN DE SERIE
Mención de serie Mente y palabra
504 ## - NOTA DE BIBLIOGRAFÍA, ETC.
Nota de bibliografía, etc. Bibliografía: p. 217-239.
600 14 - PUNTO DE ACCESO ADICIONAL DE MATERIA--NOMBRE DE PERSONA
Nombre de persona Unamuno, Miguel de,
Fechas asociadas al nombre 1864-1936-
Subdivisión general Filosofía
9 (RLIN) 111985
710 2# - ENTRADA AGREGADA--NOMBRE DE ENTIDAD CORPORATIVA
Nombre de entidad corporativa o nombre de jurisdicción como elemento de entrada Universidad de Puerto Rico
9 (RLIN) 7273
830 1# - PUNTO DE ACCESO ADICIONAL DE SERIE-TÍTULO UNIFORME
Título uniforme Mente y palabra
9 (RLIN) 184654
852 ## - LOCALIZACIÓN
Ubicación ES-MaACL
Número de control de estantería C-57020
Holdings
Estatus retirado Estado de pérdida Estado de daño No para préstamo Biblioteca de origen Biblioteca actual Ubicación en estantería Fecha de adquisición Fuente de adquisición Total de préstamos Signatura topográfica completa Código de barras Visto por última vez Precio de reemplazo Tipo de ítem Koha
        Biblioteca del Ateneo de Madrid Biblioteca del Ateneo de Madrid Depósito 2 25/11/2009     C-57020 1181891 23/02/2023 23/02/2023 Libro impreso